000 00485pab a2200169 454500
008 180718b1986 xxu||||| |||| 00| 0 eng d
100 _aMarshall, James
245 _aAdministrative discretionary justice
_bA report on the development of a model of decision - making
260 _c1986
300 _a453-8
362 _aWinter
650 _aPublic Administration
700 _aRobert Shaw
700 _aMichael Peters
773 _aPublic Administration (London)
909 _a16439
999 _c16439
_d16439